David Bertolasi

N/A


Categories

Literature - World and Miscellaneous0100010095115.3000
Literature - European2600906099.7500
Literature - American08008060107.7500
Science - Physics08008078104.6300
Literature - British06006077103.0000
History - American06006076101.8300
RMP - Philosophy1300454996.5000
Fine Arts - Painting040040107115.2500
Fine Arts - Music040040109120.0000
Science - Chemistry040040106111.0000
History - World0400408797.2500
Science - Biology040040105111.7500
Geography - World03003070102.3300
RMP - Greco-Roman Mythology030030124131.6700
RMP - Islam020020123123.5000
Fine Arts - Opera020020102115.0000
Social Science - Economics02002085103.0000
Fine Arts - Miscellaneous02002090106.5000
History - European020020105107.5000
Science - Math02002085105.0000
Science - Earth0200207184.0000
RMP - Other Religion1000154949.0000
Current Events - U.S.010010122122.0000
Fine Arts - Sculpture010010122122.0000
History - Cross, Historiography, and Miscellaneous0100109494.0000
RMP - Hebrew Bible0100109191.0000
RMP - World Mythology010010132132.0000
Social Science - Sociology010010111111.0000
RMP - Hinduism000000.0000
Science - Engineering and Miscellaneous000000.0000
Other - Other Academic and General Knowledge000000.0000
Geography - Europe000000.0000
Current Events - World000000.0000
Science - Computer Science000000.0000

Buzzes

RMP - Other ReligionJainism2049
RMP - PhilosophyBertrand Russell2049
Geography - EuropeCanterbury059
Literature - AmericanGeorge1060
Literature - EuropeanFrançois Rabelais2060
Geography - WorldOntario1070
Science - Earthtectonic plates1071
Science - Biologyaverage population age075
History - WorldParaguay076
History - Americantax evasion1076